| 000 | 01174cam a2200325 a 4500 | ||
|---|---|---|---|
| 999 |
_c331540 _d331540 |
||
| 001 | 14708355 | ||
| 003 | NUST | ||
| 005 | 20171004105801.0 | ||
| 008 | 070123s2006 pk b 001 0beng | ||
| 010 | _a 2006333836 | ||
| 020 | _a9780195473230 | ||
| 020 | _a019547323X | ||
| 025 | _aP-E-2006333836; 20 | ||
| 040 |
_aDLC _cDLC _dDLC |
||
| 042 | _alcode | ||
| 043 | _aa-pk--- | ||
| 050 | 0 | 0 |
_aDS385.J5 _bB643 2006 |
| 082 |
_a954.0350924 _bBOL |
||
| 100 | 1 |
_aBolitho, Hector, _d1897-1974. _95181 |
|
| 245 | 1 | 0 |
_aJinnah, creator of Pakistan / _cby Hector Bolitho. |
| 260 |
_aKarachi : _bOxford University Press, _c2006. |
||
| 300 |
_aviii, 222 p. ; _c22 cm |
||
| 500 | _a"Failure is a word unknown to me, Muhammad Ali Jinnah". | ||
| 504 | _aIncludes bibliographical references (p. [205]-206) and index. | ||
| 600 | 1 | 0 |
_aJinnah, Mahomed Ali, _d1876-1948. _94251 |
| 650 | 0 |
_aHeads of state _zPakistan _vBiography. _95182 |
|
| 650 | 0 |
_aStatesmen _zPakistan _vBiography. _94852 |
|
| 651 | 0 |
_aIndia _xPolitics and government _y1919-1947. _9205 |
|
| 906 |
_a7 _bcbc _corigode _d3 _encip _f20 _gy-gencatlg |
||
| 942 |
_2ddc _cBK |
||